Top 10 Greatest NFL Quarterbacks of All-Time - Statistics

General Stats
  • This quiz has been taken 1,148 times
  • The average score is 5 of 10
Answer Stats
# Quarterback % Correct
1 Tom Brady
99%
2 Joe Montana
89%
3 Peyton Manning
87%
10 Brett Favre
59%
8 John Elway
56%
4 Johnny Unitas
48%
6 Bart Starr
40%
7 Otto Graham
30%
5 Fran Tarkenton
25%
9 Steve Young
6%
No matching quizzes found
Score Distribution
Percent of People with Each Score
Percentile by Number Answered
Your Score History
You have not taken this quiz